Loading...
| History - European History | 0 | 7 | 0 | 3 | 70 | 86 | 119.00 | 0 | 1 |
| History - World History | 0 | 5 | 0 | 0 | 50 | 55 | 84.80 | 0 | 1 |
| History - Other History | 0 | 5 | 1 | 0 | 45 | 68 | 96.40 | 0 | 0 |
| History - American History | 0 | 6 | 3 | 1 | 45 | 69 | 81.83 | 0 | 2 |
| Fine Arts - Classical Music | 0 | 3 | 0 | 1 | 30 | 112 | 130.00 | 0 | 0 |
| Religion | 0 | 3 | 1 | 0 | 25 | 43 | 89.00 | 0 | 1 |
| Fine Arts - Other Fine Arts | 0 | 3 | 1 | 1 | 25 | 95 | 104.00 | 0 | 0 |
| Mythology | 0 | 2 | 0 | 1 | 20 | 109 | 124.50 | 0 | 0 |
| Literature - American Literature | 0 | 1 | 0 | 0 | 10 | 124 | 124.00 | 0 | 0 |
| Literature - British Literature | 0 | 1 | 0 | 1 | 10 | 139 | 139.00 | 0 | 0 |
| Science - Other Science | 0 | 1 | 0 | 1 | 10 | 131 | 131.00 | 0 | 0 |
| Fine Arts - Painting and Sculpture | 0 | 1 | 0 | 0 | 10 | 135 | 135.00 | 0 | 0 |
| Pop Culture | 0 | 1 | 0 | 0 | 10 | 101 | 101.00 | 0 | 1 |
| Social Science | 0 | 1 | 1 | 0 | 5 | 105 | 105.00 | 0 | 0 |
| Current Events | 0 | 1 | 1 | 1 | 5 | 113 | 113.00 | 0 | 0 |
| Literature - World Literature | 0 | 0 | 0 | 0 | 0 | 0.00 | 0 | 0 | |
| Literature - European Literature | 0 | 0 | 0 | 0 | 0 | 0.00 | 0 | 0 | |
| Other Academic | 0 | 0 | 0 | 0 | 0 | 0.00 | 0 | 0 |